Movies Adapted into Lego Video Games - Statistics

General Stats
  • This quiz has been taken 105 times
  • The average score is 107 of 184
Answer Stats
Year Movie % Correct
2012 The Hobbit: An Unexpected Journey
94%
2014 The Hobbit: The Battle of the Five Armies
94%
2013 The Hobbit: The Desolation of Smaug
94%
2001 The Lord of the Rings: The Fellowship of the Ring
94%
2003 The Lord of the Rings: The Return of the King
94%
2002 The Lord of the Rings: The Two Towers
94%
1989 Batman
90%
2005 Batman Begins
90%
1995 Batman Forever
90%
1992 Batman Returns
90%
1997 Batman & Robin
90%
1966 Batman: The Movie
90%
2016 Batman v. Superman: Dawn of Justice
90%
2020 Birds of Prey
90%
2026 Clayface
90%
2022 DC League of Super-Pets
90%
2019 Joker
90%
2024 Joker: Folie a Deux
90%
2017 Justice League
90%
2016 Rogue One: A Star Wars Story
90%
2018 Solo: A Star Wars Story
90%
2002 Star Wars: Episode II - Attack of the Clones
90%
2005 Star Wars: Episode III - Revenge of the Sith
90%
1999 Star Wars: Episode I - The Phantom Menace
90%
1977 Star Wars: Episode IV - A New Hope
90%
2019 Star Wars: Episode IX: The Rise of Skywalker
90%
2017 Star Wars: Episode VIII: The Last Jedi
90%
2015 Star Wars: Episode VII: The Force Awakens
90%
1983 Star Wars: Episode VI - Return of the Jedi
90%
1980 Star Wars: Episode V - The Empire Strikes Back
90%
2008 Star Wars: The Clone Wars
90%
2016 Suicide Squad
90%
2018 Teen Titans GO! To the Movies
90%
2022 The Batman
90%
2008 The Dark Knight
90%
2012 The Dark Knight Rises
90%
2023 The Flash
90%
2017 The Lego Batman Movie
90%
2021 The Suicide Squad
90%
2021 Zack Snyder's Justice League
90%
2015 Ant-Man
85%
2015 Avengers: Age of Ultron
85%
2018 Avengers: Infinity War
85%
2018 Black Panther
85%
2016 Captain America: Civil War
85%
2011 Captain America: The First Avenger
85%
2014 Captain America: The Winter Soldier
85%
2016 Doctor Strange
85%
2003 Hulk
85%
2008 Iron Man
85%
2010 Iron Man 2
85%
2013 Iron Man 3
85%
2012 The Avengers
85%
2008 The Incredible Hulk
85%
2011 Thor
85%
2017 Thor: Ragnarok
85%
2013 Thor: The Dark World
85%
2016 Fantastic Beasts and Where to Find Them
77%
2018 Fantastic Beasts: The Crimes of Grindelwald
77%
2002 Harry Potter and the Chamber of Secrets
77%
2010 Harry Potter and the Deathly Hallows Part 1
77%
2011 Harry Potter and the Deathly Hallows Part 2
77%
2005 Harry Potter and the Goblet of Fire
77%
2009 Harry Potter and the Half-Blood Prince
77%
2007 Harry Potter and the Order of the Phoenix
77%
2001 Harry Potter and the Philosopher's Stone
77%
2004 Harry Potter and the Prisoner of Azkaban
77%
2002 Spider-Man
75%
2004 Spider-Man 2
75%
2007 Spider-Man 3
75%
2017 Spider-Man: Homecoming
75%
2012 The Amazing Spider-Man
75%
2014 The Amazing Spider-Man 2
75%
2013 Man of Steel
73%
1984 | 2026 Supergirl
73%
2025 Superman
73%
1980 Superman II
73%
1983 Superman III
73%
1987 Superman IV: The Quest for Peace
73%
2006 Superman Returns
73%
1978 Superman: The Movie
73%
2008 Indiana Jones and the Kingdom of the Crystal Skull
71%
1989 Indiana Jones and the Last Crusade
71%
1984 Indiana Jones and the Temple of Doom
71%
1981 Raiders of the Lost Ark
71%
2017 The Lego Ninjago Movie
69%
2017 Wonder Woman
67%
2020 Wonder Woman 1984
67%
2014 Guardians of the Galaxy
65%
2017 Guardians of the Galaxy Vol. 2
65%
2014 The Lego Movie
65%
2019 The Lego Movie 2: The Second Part
65%
2013 The Wolverine
65%
2003 X-2: X-Men United
65%
2000 X-Men
65%
2014 X-Men: Days of Future Past
65%
2011 X-Men: First Class
65%
2009 X-Men Origins: Wolverine
65%
2006 X-Men: The Last Stand
65%
2018 Aquaman
60%
2023 Aquaman and the Lost Kingdom
60%
1998 Blade
60%
2002 Blade II
60%
2004 Blade: Trinity
60%
2003 Daredevil
60%
2005 Elektra
60%
2007 Ghost Rider
60%
2011 Ghost Rider: Spirit of Vengeance
60%
1986 Howard the Duck
60%
2022 Black Adam
58%
2005 Fantastic Four
58%
2007 Fantastic Four: Rise of the Silver Surfer
58%
2019 Shazam!
58%
2023 Shazam! Fury of the Gods
58%
1993 Jurassic Park
56%
2015 Jurassic World
56%
2011 Green Lantern
52%
2001 Jurassic Park III
52%
2007 Pirates of the Caribbean: At World's End
52%
2006 Pirates of the Caribbean: Dead Man's Chest
52%
2011 Pirates of the Caribbean: On Stranger Tides
52%
2003 Pirates of the Caribbean: The Curse of the Black Pearl
52%
1997 The Lost World: Jurassic Park
52%
2023 Blue Beetle
50%
2004 The Incredibles
46%
1939 The Wizard of Oz
44%
1985 Back to the Future
40%
1989 Back to the Future Part II
40%
1990 Back to the Future Part III
40%
1984 | 2016 Ghostbusters
40%
1989 Ghostbusters II
40%
2018 Incredibles 2
40%
2002 Scooby-Doo
29%
2004 Scooby Doo 2: Monsters Unleashed
29%
1984 Gremlins
27%
1990 Gremlins 2: The New Batch
27%
2007 The Simpsons Movie
27%
1982 E.T. the Extra-Terrestrial
25%
1995 Toy Story
25%
1999 Toy Story 2
25%
2010 Toy Story 3
25%
2019 Toy Story 4
25%
2006 Cars
23%
2011 Cars 2
23%
2017 Cars 3
23%
1996 Mission: Impossible
23%
2011 Mission: Impossible - Ghost Protocol
23%
2000 Mission: Impossible II
23%
2006 Mission: Impossible III
23%
2015 Mission: Impossible - Rogue Nation
23%
1985 The Goonies
23%
1988 Beetlejuice
19%
2010 The A-Team
17%
1998 A Bug's Life
15%
2003 Finding Nemo
15%
2001 Monsters, Inc.
15%
2007 Ratatouille
15%
2009 Up
15%
2008 WALL-E
15%
2012 Brave
13%
2017 Coco
13%
2015 Inside Out
13%
2015 The Good Dinosaur
13%
2016 Finding Dory
10%
2013 Monsters University
10%
1968 2001: A Space Odyssey
6%
2013 A Good Day to Die Hard
6%
1988 Die Hard
6%
1990 Die Hard 2: Die Harder
6%
1995 Die Hard with a Vengeance
6%
2007 Live Free or Die Hard
6%
1994 The Flintstones
6%
1990 | 2014 Teenage Mutant Ninja Turtles
4%
1994 Teenage Mutant Ninja Turtles III: Turtles in Time
4%
1991 Teenage Mutant Ninja Turtles II: Secret of the Ooze
4%
2000 The Flintstones in Viva Rock Vegas
4%
2007 TMNT
4%
1997 Men in Black
2%
2012 Men in Black 3
2%
2002 Men in Black II
2%
2008 Speed Racer
2%
No matching quizzes found
Score Distribution
Percent of People with Each Score
Percentile by Number Answered
Your Score History
You have not taken this quiz